| 000 | 00923cam a2200301Ia 4500 | ||
|---|---|---|---|
| 001 | 44577 | ||
| 005 | 20230410133017.0 | ||
| 008 | 870928s1963 ag 000 0 spa d | ||
| 035 | _a(OCoLC)ocm16767765 | ||
| 040 |
_aNPL _cNPL |
||
| 035 | _a(OCoLC)16767765 | ||
| 041 | 1 |
_aspa _heng |
|
| 049 | _aGRAL | ||
| 050 | 1 | 4 |
_aBF 1156 _bP888p 1963 |
| 100 | 1 |
_aPowers, Melvin, _d1922- |
|
| 245 | 1 | 0 |
_aPoder mental a traves del sueño / _cMelvin Powers ; traducciaón del Doctor Rubén Solís. |
| 250 | _a5a ed. | ||
| 260 |
_aBuenos Aires : _bEditorial Glem, _c1963. |
||
| 300 |
_a125 p. ; _c20 cm. |
||
| 500 | _aTranslation of: Mental power through sleep suggestion and controlled relaxation. | ||
| 650 | 0 | _aMental suggestion. | |
| 650 | 0 | _aSubconsciousness. | |
| 650 | 0 | _aSleep. | |
| 700 | 1 |
_aPowers, Melvin, _d1922- _tPoder mental a traves del sueaño. |
|
| 942 |
_2lcc _cbk |
||
| 946 | _amfcruz | ||
| 994 |
_aC0 _bDRFGD |
||
| 999 |
_c91754 _d91754 |
||